Lyrics Bryan Adams - (Everything I Do) I Do It For You - Statistics

General Stats
  • This quiz has been taken 1,203 times
    1,196 since last reset
  • The average score is 32 of 39
Answer Stats
Answer % Correct
Don't tell {me},
99%
Look into my {eyes}
99%
You will {see}
98%
Search your {heart}
97%
{Everything} i do,
96%
I do it for {you}
96%
Oh.. {You} can't tell me
96%
Search your {soul}
96%
Everything i {do}, i {do} it for you. oh yeah...
95%
What you {mean} to me
95%
You {will} find
94%
Look {into} your heart
93%
And when you {find} me there
92%
You know it's {true}
90%
Don't {tell} me,
89%
Yeah, i would {fight} for you
89%
There's no {love} like your love
87%
There's nothin' i {want} more
87%
Yeah, i'd {die} for you
87%
There's {nothin'} there to hide
86%
You {know} it's true
86%
I can't help it, there's nothin' i want {more}
85%
It's not worth {fightin'} for
83%
It's not worth {dyin'} for. You know it's true.
82%
You'll {search} no more
82%
It's not {worth} tryin' for
80%
{I} {do} {it} {for} {you}.
77%
You {can't} tell me,
77%
{Everything} {i} {do}, oh...
76%
Take me as i am, take my {life}
76%
I would give it all, i would {sacrifice}
74%
I'd {lie} for you
71%
It's not worth {tryin'} for.
70%
All the {time}, all the way, yeah...
66%
I can't {help} it
62%
And no {other} could give more love
61%
There's {nowhere} unless you're there
52%
Look into your heart, {baby} ...
38%
Walk the {wire} for you
38%
No matching quizzes found
Score Distribution
Percent of People with Each Score
Percentile by Number Answered
Your Score History
You have not taken this quiz since the last reset